<?xml version="1.0" encoding="UTF-8"?>
<record
    xmlns:xsi="http://www.w3.org/2001/XMLSchema-instance"
    xsi:schemaLocation="http://www.loc.gov/MARC21/slim http://www.loc.gov/standards/marcxml/schema/MARC21slim.xsd"
    xmlns="http://www.loc.gov/MARC21/slim">

  <leader>00897nam a22002177a 4500</leader>
  <controlfield tag="005">20140726134402.0</controlfield>
  <datafield tag="010" ind1=" " ind2=" ">
    <subfield code="a">B-538712</subfield>
  </datafield>
  <datafield tag="020" ind1=" " ind2=" ">
    <subfield code="a">9788175345584</subfield>
    <subfield code="c">195.00</subfield>
  </datafield>
  <datafield tag="035" ind1=" " ind2=" ">
    <subfield code="a">B-538712</subfield>
  </datafield>
  <datafield tag="037" ind1=" " ind2=" ">
    <subfield code="b">UBH</subfield>
  </datafield>
  <datafield tag="082" ind1=" " ind2=" ">
    <subfield code="a">342.5408</subfield>
  </datafield>
  <datafield tag="100" ind1=" " ind2=" ">
    <subfield code="a">Singh, M. P.</subfield>
  </datafield>
  <datafield tag="245" ind1=" " ind2=" ">
    <subfield code="a">Outlines of Indian legal &amp; cinstitutional history:</subfield>
    <subfield code="b">ncluding elements of Indian legal system/</subfield>
    <subfield code="c">by Mahendra P. Singh.</subfield>
  </datafield>
  <datafield tag="250" ind1=" " ind2=" ">
    <subfield code="a">8th ed..-</subfield>
  </datafield>
  <datafield tag="260" ind1=" " ind2=" ">
    <subfield code="a">New Delhi</subfield>
    <subfield code="b">Universal Law Publishing</subfield>
    <subfield code="c">2014</subfield>
  </datafield>
  <datafield tag="270" ind1=" " ind2=" ">
    <subfield code="a">A-58, G.T. Karnal Road Industrial Area, (near Azad Pur Metro Station)</subfield>
    <subfield code="b">Delhi</subfield>
    <subfield code="e">110033</subfield>
    <subfield code="k">011-47082254, 27458529, 27215334</subfield>
    <subfield code="l">011-27458529</subfield>
  </datafield>
  <datafield tag="300" ind1=" " ind2=" ">
    <subfield code="a">220p</subfield>
    <subfield code="c">24 cm(pbk)</subfield>
  </datafield>
  <datafield tag="500" ind1=" " ind2=" ">
    <subfield code="a"> Includes index</subfield>
  </datafield>
  <datafield tag="942" ind1=" " ind2=" ">
    <subfield code="2">ddc</subfield>
    <subfield code="c">EN</subfield>
    <subfield code="h">342.5408</subfield>
    <subfield code="m">SIN</subfield>
  </datafield>
  <datafield tag="999" ind1=" " ind2=" ">
    <subfield code="c">87466</subfield>
    <subfield code="d">87466</subfield>
  </datafield>
  <datafield tag="952" ind1=" " ind2=" ">
    <subfield code="0">0</subfield>
    <subfield code="1">0</subfield>
    <subfield code="4">0</subfield>
    <subfield code="7">0</subfield>
    <subfield code="8">NFIC</subfield>
    <subfield code="a">ZLS</subfield>
    <subfield code="b">ZLS</subfield>
    <subfield code="d">2014-07-26</subfield>
    <subfield code="e">UBH/109/9.7.14/DPL/ZLS/RP/2014-15/1/17/26.5.14/17.7.14</subfield>
    <subfield code="g">195.00</subfield>
    <subfield code="l">4</subfield>
    <subfield code="m">4</subfield>
    <subfield code="o">342.5408 SIN</subfield>
    <subfield code="p">B-538712</subfield>
    <subfield code="r">2025-05-27 00:00:00</subfield>
    <subfield code="s">2025-05-13</subfield>
    <subfield code="t">1</subfield>
    <subfield code="v">195.00</subfield>
    <subfield code="w">2014-07-26</subfield>
    <subfield code="y">EN</subfield>
  </datafield>
</record>
